| 000 | 01451nam a22002417a 4500 | ||
|---|---|---|---|
| 003 | DO-SdBNP | ||
| 005 | 20180403103751.0 | ||
| 008 | 160411b dr||||| |||| 00| 0 spa d | ||
| 040 |
_aBPMSU _bspa _cBPMSU |
||
| 092 |
_a372.7 _bN964m, [200-?] |
||
| 245 |
_aNueva matemática : _b[educación básica] |
||
| 260 |
_aSanto Domingo : _bMundilibro, _c[20--?] |
||
| 300 |
_a206 p. : _bil. : _c 24 cm |
||
| 505 |
_gcapitulo 1. _tadició y sustración _gcapitulo 2 _tmultiplicación y división _gcapitulo 3 _tpontencias y raices cuadradas de números naturales _gcapitulo 4 _tnúmeros fraccionarios adición y sustracción _gcapitulo 5 _tnúmeros fraccionarios multiplicación y división _gcapitulo 6 _tnúmeros decimales y operaciones con números decimales _gcapitulo 7 _tporcentajes _gcapitulo 8 _tproporcionalidad y sus aplicaciones _gcapitulo 9 _tdibujos a escala _gcapitulo 10 _testadistica descriptiva _gcapitulo 11 _tsistema de medidas reducciones _gcapitulo 12 _tnúmeros denominados _gcapitulo 13 _tpoligonos medidas _gcapitulo 14 _tmedidas de superficie areas de poligonos _gcapitulo 15 _tmedidas de volumen mediciones de cuerpos |
||
| 650 |
_aMATEMÁTICAS _xENSEÑANZA BÁSICA |
||
| 650 |
_aMATEMÁTICAS _xENSEÑANZA ELEMENTAL |
||
| 650 |
_aEDUCACIÓN PRIMARIA _zREPÚBLICA DOMINICANA |
||
| 650 |
_aMATEMÁTICAS _xESTUDIOS Y EJERCICIOS |
||
| 910 | _aValidado. Control de calidad MFF | ||
| 942 |
_2ddc _cBK |
||
| 945 | _aInventariado, 2018 / BT | ||
| 956 | _adaysi garcia | ||
| 999 |
_c9676 _d9676 |
||